Smarter city cyber security (Record no. 84846)

MARC details
000 -LEADER
fixed length control field 00778cab a22002295a 4500
001 - CONTROL NUMBER
control field L159255
008 - FIXED-LENGTH DATA ELEMENTS--GENERAL INFORMATION
fixed length control field 160405e2016 xxk 000 0 eng d
035 ## - SYSTEM CONTROL NUMBER
System control number (Sirsi) u159255
041 0# - LANGUAGE CODE
Language code of text/sound track or separate title eng
100 1# - MAIN ENTRY--PERSONAL NAME
Personal name Reys, Nicolas
245 00 - TITLE STATEMENT
Title Smarter city cyber security
260 ## - PUBLICATION, DISTRIBUTION, ETC.
Date of publication, distribution, etc. 2016
490 ## - SERIES STATEMENT
Series statement FM World
Volume/sequential designation 13(6) 24 March 2016, 26-29(3)
520 ## - SUMMARY, ETC.
Summary, etc. Looks at how the advent of smart cities will offer businesses unprecedented economic opportunities as well as unprecedented levels of cyber security threats resulting from an explosion in the number of interconnected devices.
590 ## - LOCAL NOTE (RLIN)
Local note KA
650 24 - SUBJECT ADDED ENTRY--TOPICAL TERM
Topical term or geographic name entry element SMART CITIES
650 24 - SUBJECT ADDED ENTRY--TOPICAL TERM
Topical term or geographic name entry element CYBER SECURITY
650 24 - SUBJECT ADDED ENTRY--TOPICAL TERM
Topical term or geographic name entry element ARTIFICIAL INTELLIGENCE
651 #4 - SUBJECT ADDED ENTRY--GEOGRAPHIC NAME
Geographic name United Kingdom
690 ## - LOCAL SUBJECT ADDED ENTRY--TOPICAL TERM (OCLC, RLIN)
Topical term or geographic name as entry element Infrastructure
9 (RLIN) 6246
942 ## - ADDED ENTRY ELEMENTS (KOHA)
Suppress in OPAC 0
Holdings
Withdrawn status Lost status Source of classification or shelving scheme Damaged status Not for loan Home library Current library Shelving location Date acquired Total Checkouts Full call number Barcode Date last seen Copy number Price effective from Koha item type
    Dewey Decimal Classification     London London Journal article 05/04/2016   L159255 159255-1001 06/08/2019 1 06/08/2019 Journal article